000 01834cam a22004454i 4500
003 PE-LiUPU
005 20250731172946.0
008 150623s1994 miua r 000 0 eng d
020 _a0310481619
035 _a(Sirsi) i9780310481614
040 _aPE-LiUPU
_bspa
_cPE-LiUPU
_erda
049 _aPRUA
082 0 4 _a221.0202
_bW19
_221
100 1 _aWalton, John H.,
_eautor.
245 1 0 _aChronological and background charts of the Old Testament /
_cJohn H. Walton.
264 1 _aMichigan :
_bZondervan Publishing House,
_c1994.
300 _a124 páginas :
_bilustraciones ;
_c28 centímetros
336 _atext
_2rdacontent
337 _aunmediated
_2rdamedia
338 _avolume
_2rdacarrier
505 0 _aSections of the Canon: Genesis -- The pentateuch -- Historical literatura - Battles -- Poetic literatura -- Prophetic literatura -- Ancien Near East: history - Archaeology -- Literature and religión -- Bible study: Text and language -- Comparison of positions on disputed Issues -- Theological topics -- Miscellaneous.
526 _aSEG42
526 _aSEG41
526 _aSEG40
526 _aSEG39
526 _aP94
526 _aP87
526 _aP86
526 _aP85
526 _aP77
526 _aP76
526 _aP35
630 _aBiblia.
_pA.T.
_xCronología.
942 _2ddc
_cBOOK
949 _a221.0202 W19
_wDEWEY
_c1
_i44775
_lCCODEBUL1
_mBUL
_r0
_sY
_tBOOK
_u2015-6-24
_xTEOLOGIA
_PP35
_0COMPRA
_o.STAFF. Colección General
994 _aC0
_bPEPRU
596 _a1
999 _a221.0202 W19
_wDEWEY
_c21644
_i44775
_e2017-6-12
_f2021-11-9
_g5
_lCCODEBUL1
_mBUL
_n1
_p17.00
_r0
_sY
_tBOOK
_u2015-6-24
_xTEOLOGIA
_PP35
_0COMPRA
_o.STAFF. Colección Teología
_d21644
980 _81
_gALBERTO SANCHEZ Responsable de Automatización